000 00221nam a2200097Ia 4500
008 190216s9999||||xx |||||||||||||| ||und||
100 _aShankaran Nair N
245 0 _aBhouthikam
260 _bKerala Basha Inst
942 _cBK
999 _c38234
_d38234